000 00635cam a2200205 a 4500
001 000004344
005 20200929151427.0
008 820929s1979 cr 001 f spa
040 _aDO-SdBNP
_cDLC
_dDLC
082 _aAr863.44
_bD695u
100 1 _aDorfmann, Ariel,
_d1942-
_912812
245 1 3 _aLa última aventura del Llanero Solitario /
_cAriel Dorfmann.
260 _aCosta Rica :
_bUniversitaria Centroamericana, (educa),
_c1979.
300 _a199 p. ;
_c17 cm.
490 1 _aSigno
650 4 _aNovela argentina
_93941
650 4 _aLiteratura argentina
_93860
830 0 _aSigno
_96163
910 _aCatalogación por copia / LC
999 _c4153
_d4153